| 000 | 00961nam a22002537a 4500 | ||
|---|---|---|---|
| 003 | OSt | ||
| 005 | 20180130110950.0 | ||
| 008 | 180115b xxu||||| |||| 00| 0 eng d | ||
| 020 | _a978-607-526-419-6 | ||
| 040 |
_aBMC _cBMC |
||
| 082 | _a332.068 | ||
| 100 | 1 |
_98494 _aBrigham, Eugene F. |
|
| 245 | 1 | 0 |
_aFinanzas corporativas _b: enfoque central _cEugene F. Brigham, Michael C. Ehrhardt; traducción, María del Pilar Carril Villarreal; revisión técnica, Roxana Saldívar del Ángel, Nodavi Nora Ortíz Gil, Francisco López Herrera |
| 250 | _a1ª ed | ||
| 260 |
_aMéxico D.F. [etc.] _bCengage Learning _c2018 |
||
| 300 |
_aXVI, 847 p. _c27 cm |
||
| 650 | 2 | 4 |
_95713 _aEmpresas _xFinanzas |
| 700 | 1 |
_942169 _aEhrhardt, Michael C. |
|
| 700 | 1 |
_96340 _aCarril Villarreal, María del Pilar |
|
| 700 | 1 |
_942170 _aSaldívar del Ángel, Roxana |
|
| 700 | 1 |
_942171 _aOrtíz Gil, Nodavi Nora |
|
| 700 | 1 |
_98429 _aLópez Herrera, Francisco |
|
| 942 |
_2ddc _cBK |
||
| 999 |
_c28890 _d28890 |
||